Nursing as Part of Care for the Poor in Slovak Villages in the First Half of the 20th Century

Opatrovateľstvo a ošetrovateľstvo sa v našej krajine vyvinuli ako dva odlišné typy osobných služieb s historickým vzťahom, ktorý sa vyvíjal procesmi vzájomného oddeľovania a zbližovania. Cieľom je demonštrovať historicky overenú metódu integrovanej starostlivosti a ošetrovateľstva na lokálnej úrovni...

Descripción completa

Guardado en:
Detalles Bibliográficos
Autor principal: Konečný, Stanislav
Formato: Capítulo de libro
Lenguaje:inglés
Materias:
Etiquetas: Agregar Etiqueta
Sin Etiquetas, Sea el primero en etiquetar este registro!

MARC

LEADER 00000naa a2200000 4500
001 0313357
005 20251125123854.4
041 0 |a eng 
044 |a SK 
245 1 0 |a Nursing as Part of Care for the Poor in Slovak Villages in the First Half of the 20th Century  |c Stanislav Konečný 
520 |a Opatrovateľstvo a ošetrovateľstvo sa v našej krajine vyvinuli ako dva odlišné typy osobných služieb s historickým vzťahom, ktorý sa vyvíjal procesmi vzájomného oddeľovania a zbližovania. Cieľom je demonštrovať historicky overenú metódu integrovanej starostlivosti a ošetrovateľstva na lokálnej úrovni v rámci 1. Československej republiky. Okrem ošetrovateľstva poskytovaného sestrami v systéme verejného zdravotníctva boli obce povinné poskytovať starostlivosť aj ľuďom žijúcim v chudobe. Daný spôsob ošetrovateľstva sa javí ako najvhodnejší prístup k navrhovanej koncepcii dlhodobej starostlivosti o starších ľudí a ďalších príjemcov. 
610 2 0 |a opatrovateľstvo 
610 2 0 |a ošetrovateľstvo 
610 2 0 |a služby sociálne 
610 2 0 |a služby starostlivosti sociálnej 
610 2 0 |a chudoba 
610 2 0 |a dediny 
100 1 |a Konečný, Stanislav